| 000 | 00644nam a22002057a 4500 | ||
|---|---|---|---|
| 005 | 20251108175004.0 | ||
| 008 | 250721s2010 xx 000 0 ara d | ||
| 082 | 1 | 4 | _a658.78/طرا |
| 100 | 1 |
_aالطراونة، عمر _eمؤلف |
|
| 245 | 1 | 0 | _aادارة مستودعات المواد المبردة و المجمدة / |
| 264 | 1 |
_aعمان : _bدار البداية ناشرون و موزعون، _c2010. |
|
| 300 | _a287ص. | ||
| 650 | 1 | 7 | _aالتخزين |
| 650 | 1 | 7 | _aالمستودعات |
| 650 | 1 | 7 | _aإدارة المخزون |
| 650 | 1 | 7 | _aالإدارة |
| 650 | 1 | 7 | _aالتبريد |
| 942 |
_2ddc _cBK |
||
| 999 |
_c123318 _d123318 |
||